| 000 | 00960nam a22003017a 4500 | ||
|---|---|---|---|
| 001 | 5215 | ||
| 003 | FISKH | ||
| 005 | 20241119155319.0 | ||
| 008 | 241119b cb ||||| |||| 00| 0 eng d | ||
| 020 | _a9780618477906 | ||
| 040 |
_aFISKH _beng _cFISKH _dFISKH |
||
| 050 | _aPZ7.W4472 | ||
| 082 | _a813.54 | ||
| 100 | _aWeiss, Ellen | ||
| 245 |
_aTrip To The North Pole : _bThe Polar Express : The Movie / _cby Ellen Weiss |
||
| 260 |
_aBoston : _bHoughton Mufflin Company ; _c2004 . |
||
| 300 |
_a119 pages : _billustrations ; _c20 cm . |
||
| 505 | _aS | ||
| 520 | _aOn Christmas eve, a young boy joins some other children on a magical train ride to the North Pole. | ||
| 521 | 8 |
_a790
_bLexile estimate |
|
| 521 | 8 |
_aS
_bRaz-Plus |
|
| 650 |
_aChristmas _vfiction |
||
| 650 |
_aRailroads -trains _vFiction |
||
| 650 |
_aSanta Claus _vFiction |
||
| 700 |
_aAllsburg, Chris Van _eillustrator |
||
| 942 |
_2ddc _cBK _n0 |
||
| 999 |
_c5215 _d5215 |
||